000
00564nam a22001457a 4500
020
_a
9780199401857
082
_a
320.95491
100
_a
Asma Faiz (Ed)
245
_a
Making federation work
260
_a
Karachi
_b
Oxford university press
_c
2015
300
_a
354p
942
_c
BK
999
_c
3554
_d
3554